Handbook of processes and modeling in the soil plant system (Record no. 305486)
[ view plain ]
| 000 -LEADER | |
|---|---|
| fixed length control field | 00887nam a2200253Ia 4500 |
| 008 - FIXED-LENGTH DATA ELEMENTS--GENERAL INFORMATION | |
| fixed length control field | 141004s9999 xx 000 0 und d |
| 020 ## - INTERNATIONAL STANDARD BOOK NUMBER | |
| International Standard Book Number | 81 7649 833 5 |
| 040 ## - CATALOGING SOURCE | |
| Transcribing agency | a |
| 041 ## - LANGUAGE CODE | |
| Language code of text/sound track or separate title | English |
| 082 ## - DEWEY DECIMAL CLASSIFICATION NUMBER | |
| Classification number | 631.4 |
| 082 ## - DEWEY DECIMAL CLASSIFICATION NUMBER | |
| Item number | BEN/HA |
| 100 ## - MAIN ENTRY--PERSONAL NAME | |
| Personal name | DK Benbi |
| 245 ## - TITLE STATEMENT | |
| Title | Handbook of processes and modeling in the soil plant system |
| 245 ## - TITLE STATEMENT | |
| Statement of responsibility, etc. | DK Benbi |
| 260 ## - PUBLICATION, DISTRIBUTION, ETC. (IMPRINT) | |
| Place of publication, distribution, etc. | New Delhi |
| 260 ## - PUBLICATION, DISTRIBUTION, ETC. (IMPRINT) | |
| Name of publisher, distributor, etc. | Viva books private limited |
| 260 ## - PUBLICATION, DISTRIBUTION, ETC. (IMPRINT) | |
| Date of publication, distribution, etc. | 2004 |
| 300 ## - PHYSICAL DESCRIPTION | |
| Extent | 762 p. |
| 300 ## - PHYSICAL DESCRIPTION | |
| Other physical details | 24 cm |
| 365 ## - TRADE PRICE | |
| Price type code | Rs.1295 |
| 501 ## - WITH NOTE | |
| With note | KAUCOF |
| 650 ## - SUBJECT ADDED ENTRY--TOPICAL TERM | |
| Topical term or geographic name as entry element | Physical, Chemical and biological proccesss of soil-plant system, Soil formation, radioactivity in soil-plant system, soil acidification, soil alkalinization, soil erosion, soil conservation, soil water dynamics, solute-water interactions |
| 942 ## - ADDED ENTRY ELEMENTS (KOHA) | |
| Koha item type | Books (General) |
| Withdrawn status | Lost status | Damaged status | Not for loan | Home library | Current library | Date acquired | Cost, normal purchase price | Total Checkouts | Full call number | Barcode | Date last seen | Price effective from | Koha item type |
|---|---|---|---|---|---|---|---|---|---|---|---|---|---|
| College of Forestry, Vellanikkara | College of Forestry, Vellanikkara | 05/11/2040 | 1295.00 | 631.4 BEN/HA | KAU_COF-4760 | 04/10/2014 | 04/10/2014 | Books (General) |
